| 000 | 00507nam a22001577a 4500 | ||
|---|---|---|---|
| 003 | GBCCL | ||
| 005 | 20251209143133.0 | ||
| 008 | 251209b |||||||| |||| 00| 0 eng d | ||
| 040 | _cGBC | ||
| 082 |
_aSOU VAN _b2025 |
||
| 245 |
_aEvangelical Baptist convention Vangai division : _bgolden jubilee souvenir 1975-2025, 50 years of God's faithfulness |
||
| 260 |
_aVangai : _bEBC Vangai division, _c2025 |
||
| 300 | _a126p ; | ||
| 650 |
_aSouvenir _vEvangelical Baptist convention _zVangai |
||
| 942 |
_2ddc _cARCH _n0 |
||
| 999 |
_c11103 _d11103 |
||